• 首页
  • 本馆介绍
  • 公告通知
  • 最新文献
  • 馆藏检索
  • 电子资源
  • 读者导购
  • 参考咨询
  • 我的图书馆
  • 登录
  • 详细信息显示
  • 放入我的书架
  • 预约/预借图书
  • 作者相关作品
  • 分类相关作品
  • 丛书相关作品
  • 出版社相关作品

书目信息

  • 表格格式
  • 工作单格式
  • 卡片格式
题名:
国际贸易惯例案例解析
    
 
作者: 帅建林 编著
分册:  
出版信息: 北京   对外经济贸易大学出版社  2006
页数: 284页
开本: 21cm
丛书名:
单 册:
中图分类: F744
科图分类:
主题词: 国际贸易--贸易惯例--案例--分析 , 国际贸易 , 贸易惯例
电子资源:
ISBN: 978-7-81078-773-4
000 01010nam0 2200253 45
001 1029964445
005 20220927170723.22
010    @a978-7-81078-773-4@dCNY16.00
100    @a20060104e20072006em y0chiy0110 ea
101 0  @achi@aeng
102    @aCN@b110000
105    @ay z 000yy
200 1  @a国际贸易惯例案例解析@AGuo Ji Mao Yi Guan Li An Li Jie Xi@dCase study of international trade customs and practices@e英汉对照@EYing Han Dui Zhao@f帅建林编著@FShuai Jian Lin Bian Zhu@zeng
210    @a北京@c对外经济贸易大学出版社@d2006@h2007
215    @a284页@d21cm
330    @a本书分为四部分,包括国际贸易术语案例解析、货物销售合同公约解析、国际支付与结算惯例案例解析、国际货物运输规则案例解析。
510 1  @aCase study of international trade customs and practices@zeng
606 0  @a国际贸易@x贸易惯例@x案例@x分析
606 0  @a国际贸易
606 0  @a贸易惯例
690    @aF744@v4
701  0 @a帅建林@AShuai Jian Lin@f(1965~)@4编著
801  0 @aCN@bTANGWEI@c20100428
905    @b0594965-69@dF744@e137@f5
    
    国际贸易惯例案例解析=Case study of international trade customs and practices:英汉对照/帅建林编著.-北京:对外经济贸易大学出版社,2006(2007)
    284页;21cm
    
    
    ISBN 978-7-81078-773-4:CNY16.00
    本书分为四部分,包括国际贸易术语案例解析、货物销售合同公约解析、国际支付与结算惯例案例解析、国际货物运输规则案例解析。
●
相关链接 在E读中查询图书 在五车中查询图书 在当当中查询图书 在豆瓣中查询图书


正题名:国际贸易惯例案例解析     索取号:F744/137         预约/预借

序号 登录号 条形码 馆藏地/架位号 状态 备注
1 0594965   205949651   第一样本阅览室/ [索取号:F744/137] 在馆    
2 0594966   205949660   第一借阅区/ [索取号:F744/137] 在馆    
3 0594967   205949679   第一借阅区/ [索取号:F744/137] 在馆    
4 0594968   205949688   第一借阅区/ [索取号:F744/137] 在馆    
5 0594969   205949697   第一借阅区/ [索取号:F744/137] 在馆    
唐山师范学院图书馆 欢迎您!
大连网信软件有限公司© 版权所有